000 03390nam a22003137a 4500
003 DO-SdBNP
005 20250313104908.0
007 ta
008 210714e2017 dr ac||er|||| 001 0 spa d
020 _a9789945608069
040 _aDO-SdBNP
_bspa
_cBNPHU
041 _hspa
082 4 _a393.9097295
_bC719a, 2017
_222
111 2 _aColoquio sobe la Muerte, el morir y los muertos en Puerto Rico.
_n(1 :
_d2016 :
_cSan Juan, Puerto Rico)
_979226
245 1 0 _aAnte el espejo de la muerte :
_b1er coloquio sobre la Muerte, el morir y los muertos en Puerto Rico /
_ccompiladora y editor, Doris E. Lugo Ramírez ; prólogo Beatriz M. Santiago Ibarra.
246 3 _aActas
260 _aSanto Domingo :
_bFundación Puertorriqueña de las Humanidades,
_c2017.
300 _a161 p. :
_bil., retr. ;
_c22 cm.
505 0 0 _tMensaje fundación puertorriqueña de las humanidades. /
_rCésar A.Rey Hernández.--
_tPrólogo. /
_rBeatriz M. Santiago Ibarra.--
_tDescripción y justificación. /
_rDoris E. Lugo Ramírez.--
_tConferencia inaugural /
_rDoris E. Lugo Ramírez.--
_tArte contemporáneo /
_rEtiyaset Rodríguez Santos, Noelia Medina Fernández, Cynthia Morales Gómez y Jotham Malavé Maldonado.--
_tantropología /
_rJaime Moisés Pérez Riva.--
_tCine /
_rSonia Fritz y Aurora Lauzardo.--
_tTanatología /
_rShirley M. Silva Cabrera --
_tHistoria y antropología /
_rIgnacio Olazagasti Colón.--
_tHistoria /
_rLuis López Roja.--
_tLiteratura /
_rÁngel Antonio Ruiz Laboy.--
_tLiteratura y música. /
_rAlinaluz Santiago Torres--
_tEpílogo /
_rDoris E. Lugo Ramírez.--
_tPerfile.--
_tCrónica fotográfica del evento.--
_tAgradecimientos.
505 0 0 _t Mensaje Fundación Puertorriqueña de las Humanidades / César A. Rey Hernández -- Prólogo / Beatriz M. Santiago Ibarra -- Descripción y justificación / Doris E. Lugo Ramírez -- Ante el espejo de la muerte: la muerte, el morir y los muertos / Doris E. Lugo Ramírez -- Dimissus: la muerte, el morir y los muertos en la obra de arte / Enityaset Rodríguez Santos, Noelia Medina Fernández, Cynthia Morales Gómez y Jotham Malavé Maldonado -- Actitudes y prácticas ante la muerte en Puerto Rico: reflexiones desde la antropología y la historia / Jamie Moisés Pérez Rivera -- Hay golpes en la vida...: una mirada humanística a la ciencia y su manejo de la muerte / Sonia Fritz y Aurora Lauzardo -- El lenguaje de la trascendencia y los sueños de muerte / Shirley M. Silva Cabrera -- Iconografía católica y masónica / Ignacio Olazagasti Colón -- Visiones históricas de la muerte en Puerto Rico desde la colonización española hasta la invasión norteamericana / Luis López Rojas -- Poesía y muerte en la literatura puertorriqueña: muerte continuidad y descontinuidad en El reino de la espiga de Víctor Fragoso / Ángel Antonio Ruiz Laboy -- La muerte es un bolero / Alinaluz Santiago Torres -- Epílogo / Doris E. Lugo Ramírez -- Perfiles -- Crónica fotográfica del evento.
590 _aInventariado 2021 / MF
650 4 _91370
_aRitos y ceremonias fúnebres.
_vCongresos, conferencias, etc.
650 4 _918928
_aCostumbres funerarias
_vCongresos, conferencias, etc.
700 1 _aSantiago Ibarra, Beatriz M.,
_epról.
_979227
700 1 _a Lugo Ramírez, Doris E.
_d1965-
_ecomp.
_986902
700 1 _a Lugo Ramírez, Doris E.
_d1965-
_eed.
_986902
910 _aMFeliz/Validado. Control de calidad MFF
942 _2ddc
_cLBS1
999 _c50105
_d50105